000 00523nam a2200169Ia 4500
008 090201s9999 xx 000 0 und d
010 _aKPL-68545
040 _bमराठी
041 _aमराठी
082 _a47048
_b68545
100 _a कुसुमाग्रज
245 _aफुलराणी
_c कुसुमाग्रज
260 _c1994
_bकॉन्टीनेंटल प्रकाशन
300 _a79
_bमध्यम
600 _aफुलराणी
942 _cBOOK
999 _c243783
_d243783